000 00391 a2200169 4500
001 189232
020 _a85-281-0029-4
040 _cMagnum
100 _aMacgregor, Rob
240 1 0 _aIndiana jones e os sete véus
_lpor
245 1 0 _aIndiana jones e os sete véus
300 _a235
362 0 _a1993
440 1 _aSalamandra
697 _aLITERATURA JUVENIL ESTRANGEIRA
942 _cBK
999 _c189232
_d189232